| 000 | 00520nam a2200169 i 4500 | ||
|---|---|---|---|
| 001 | 62533 | ||
| 003 | ES-MaACL | ||
| 005 | 20231227182304.0 | ||
| 007 | t| | ||
| 008 | 031121s1932 sp ||||1| spa d | ||
| 100 | 1 |
_aFernández Flórez, Wenceslao, _d1885-1964 _949790 |
|
| 245 | 1 | 3 |
_aEl hombre que compró un automóvil _b: novela / _cWenceslao Fernández Flórez. |
| 260 |
_aMadrid : _bPueyo, _c1932 ( _fImp. Helénica) |
||
| 300 |
_a254 p. ; _c20 cm. |
||
| 852 |
_aES-MaACL _jA-918 |
||
| 999 |
_c62533 _d62533 |
||